LIBRARY & INFORMATION CENTRE, KCAET, TAVANUR

ONLINE PUBLIC ACCESS CATALOGUE (OPAC)

Manual of Soil and Water Conservation Practices / (Record no. 3809)

MARC details
000 -LEADER
fixed length control field 00435cam a2200157ua 4500
020 ## - INTERNATIONAL STANDARD BOOK NUMBER
ISBN 81-204-0552-8
082 ## - DEWEY DECIMAL CLASSIFICATION NUMBER
Classification number 631.450954
Item number SIN/MA
100 ## - MAIN ENTRY--AUTHOR NAME
Personal name Garmel, Singh.
100 ## - MAIN ENTRY--AUTHOR NAME
Personal name Venkataraman, C .
100 ## - MAIN ENTRY--AUTHOR NAME
Personal name Sastry, G .
245 ## - TITLE STATEMENT
Title Manual of Soil and Water Conservation Practices /
250 ## - EDITION STATEMENT
Edition statement 5 /
260 ## - PUBLICATION, DISTRIBUTION, ETC. (IMPRINT)
Place of publication New Delhi :
Name of publisher Oxford & IBH Publishing company ,
Year of publication 1999.
300 ## - PHYSICAL DESCRIPTION
Number of Pages 388 ; .
942 ## - ADDED ENTRY ELEMENTS (KOHA)
Koha item type Reference
Holdings
Withdrawn status Lost status Damaged status Home library Current library Date acquired Full call number Accession Number Koha item type Collection code Shelving location
      KAUAET KAUAET 07/04/2012 631.45 SIN/MA 18392 Reference    
      KAUAET KAUAET 07/04/2012 631.45 SIN/MA 20742 Books General Books General Stacks
      KAUAET KAUAET 07/04/2012 631.45 SIN/MA 18315 Books    
      KAUAET KAUAET 07/04/2012 631.45 SIN/MA 20044 Books    
Withdrawn     KAUAET KAUAET 25/09/2019 631.45 SIN/MA 18393 Reference   General Stacks
free website counter